Á lódáil...

The Anatomy of Prose

Sonraí Bibleagrafaíochta
Príomhúdar: Boulton, Marjorie
Formáid: Printed Book
Foilsithe: London; Routledge & Kegan Paul Ltd; 1954
Eagrán:1st
Ábhair:
LEADER 00514nam a22001457a 4500
082 |a 824  |b BOU/T J4 
100 |a Boulton, Marjorie  |9 301400 
245 |a The Anatomy of Prose 
250 |a 1st 
260 |a London;  |b Routledge & Kegan Paul Ltd;  |c 1954 
300 |a 190p. 
650 |a English Critical Studies; English Literature  |9 301401 
942 |c BK 
999 |c 63982  |d 63982 
952 |0 0  |1 0  |4 0  |6 824_000000000000000_BOU_T_J4  |7 0  |8 English   |9 76588  |a MAL  |b MAL  |d 2016-10-07  |e 7111  |l 0  |o 824 BOU/T J4  |p MAL007111  |r 2016-10-07  |t 1  |w 2016-10-07  |y BK